00670nam a2200181 a 450000100100000000500170001000800410002702000150006804000250008310000240010824500510013226000470018330000210023030000210025150000210027295201780029399900170047100003942020201002031636.0130626s1978 dr 000 0 spa d a9684290314 aDO-SdBNPbspacBNPHU1 aAcot, Pascal96561710aIntroducción a la ecología /cPascal Acot. aMéxico :bEditorial Nueva Imagen,c1978. a151 p. ;c22 cm. a151 p. ;c22 cm. aIncluye índice 0010718PDaGRbGRcCTd2013-06-26iLF1l0o p39420-10r2020-06-25w2020-06-25yLFPDzPerteneción a la biblioteca personal de Aída Cartagena PortalatínZNo se presta c38910d38910